Our rights, our victories : (Record no. 7803)
[ view plain ]
| 000 -LEADER | |
|---|---|
| fixed length control field | 01139nam a22003257i 4500 |
| 003 - CONTROL NUMBER IDENTIFIER | |
| control field | URS |
| 005 - DATE AND TIME OF LATEST TRANSACTION | |
| control field | 20220114152908.0 |
| 008 - FIXED-LENGTH DATA ELEMENTS--GENERAL INFORMATION | |
| fixed length control field | |
| 020 ## - INTERNATIONAL STANDARD BOOK NUMBER | |
| International Standard Book Number | 9789719518907 |
| 040 ## - CATALOGING SOURCE | |
| Original cataloging agency | DLC |
| Description conventions | rda |
| Language of cataloging | eng |
| Transcribing agency | DLC |
| Modifying agency | DLC |
| 042 ## - AUTHENTICATION CODE | |
| Authentication code | lcode |
| -- | pcc |
| 043 ## - GEOGRAPHIC AREA CODE | |
| Geographic area code | a-ph--- |
| 050 00 - LIBRARY OF CONGRESS CALL NUMBER | |
| Classification number | KPM2095 |
| Item number | V83o 2011 |
| 100 1# - MAIN ENTRY--PERSONAL NAME | |
| Personal name | Vitug, Marites Dañguilan. |
| 245 10 - TITLE STATEMENT | |
| Title | Our rights, our victories : |
| Remainder of title | landmark cases in the Supreme Court / |
| Statement of responsibility, etc. | Marites Dañguilan Vitug and Criselda Yabes. |
| 246 30 - VARYING FORM OF TITLE | |
| Title proper/short title | Landmark cases in the Supreme Court |
| 264 #1 - PRODUCTION, PUBLICATION, DISTRIBUTION, MANUFACTURE, AND COPYRIGHT NOTICE | |
| Place of production, publication, distribution, manufacture | Quezon City : |
| Name of producer, publisher, distributor, manufacturer | Cleverheads Pub., |
| Date of production, publication, distribution, manufacture, or copyright notice | 2011. |
| 300 ## - PHYSICAL DESCRIPTION | |
| Extent | 227 pages : |
| Other physical details | illustrations ; |
| Dimensions | 23cm |
| 336 ## - CONTENT TYPE | |
| Content type term | text |
| Content type code | txt |
| Source | rdacontent |
| 337 ## - MEDIA TYPE | |
| Media type term | unmediated |
| Media type code | n |
| Source | rdamedia |
| 338 ## - CARRIER TYPE | |
| Carrier type term | volume |
| Carrier type code | nc |
| Source | rdacarrier |
| 504 ## - BIBLIOGRAPHY, ETC. NOTE | |
| Bibliography, etc. note | Includes bibliographical references (pages 203-217) and index. |
| 610 10 - SUBJECT ADDED ENTRY--CORPORATE NAME | |
| Corporate name or jurisdiction name as entry element | Philippines. |
| Subordinate unit | Supreme Court. |
| 650 #0 - SUBJECT ADDED ENTRY--TOPICAL TERM | |
| Topical term or geographic name entry element | Civil rights |
| Geographic subdivision | Philippines |
| General subdivision | Cases. |
| 700 1# - ADDED ENTRY--PERSONAL NAME | |
| Personal name | Yabes, Criselda. |
| 856 41 - ELECTRONIC LOCATION AND ACCESS | |
| Materials specified | Table of contents only |
| Uniform Resource Identifier | <a href="http://www.loc.gov/catdir/toc/fy13pdf01/2011308453.html">http://www.loc.gov/catdir/toc/fy13pdf01/2011308453.html</a> |
| 906 ## - LOCAL DATA ELEMENT F, LDF (RLIN) | |
| a | 7 |
| b | cbc |
| c | origode |
| d | 3 |
| e | ncip |
| f | 20 |
| g | y-gencatlg |
| 942 ## - ADDED ENTRY ELEMENTS (KOHA) | |
| Source of classification or shelving scheme | Library of Congress Classification |
| Koha item type | Filipiniana |
| Withdrawn status | Source of classification or shelving scheme | Damaged status | Not for loan | Collection code | Home library | Current library | Shelving location | Date acquired | Source of acquisition | Total Checkouts | Full call number | Barcode | Date last seen | Price effective from | Koha item type | Copy number |
|---|---|---|---|---|---|---|---|---|---|---|---|---|---|---|---|---|
| Library of Congress Classification | Reference | Morong College Library | Morong College Library | 01/27/2016 | KPM 1750 .V836 2011 | URSMOR-CL-26612 | 01/27/2016 | 01/16/2023 | Filipiniana | 1 | ||||||
| Library of Congress Classification | Reference | Morong College Library | Morong College Library | 01/27/2016 | KPM 1750 .V836 2011 | URSMOR-CL-26613 | 01/27/2016 | 01/16/2023 | Filipiniana | 2 | ||||||
| Library of Congress Classification | Reference | Morong College Library | Morong College Library | 01/27/2016 | KPM 1750 .V836 2011 | URSMOR-CL-26614 | 01/27/2016 | 01/16/2023 | Filipiniana | 3 | ||||||
| Library of Congress Classification | Non-fiction | Pililla College Library | Pililla College Library | General Stacks | 03/10/2016 | Purchased | 347.03534 V83o 2011 | URSPIL-4110 | 05/31/2019 | 03/10/2016 | Filipiniana | |||||
| Library of Congress Classification | Non-fiction | Pililla College Library | Pililla College Library | General Stacks | 03/10/2016 | Purchased | 347.03534 V83o 2011 | URSPIL-4111 | 05/31/2019 | 03/10/2016 | Filipiniana | |||||
| Library of Congress Classification | Non-fiction | Pililla College Library | Pililla College Library | General Stacks | 03/10/2016 | Purchased | 347.03534 V83o 2011 | URSPIL-4112 | 05/31/2019 | 03/10/2016 | Filipiniana |